01368nam a22002657i 4500003000900000005001700009006001900026007000300045008004100048040003100089082001400120100003400134110006600168245016500234246003100399264005300430300003200483336002800515337003500543338003100578500024500609500019800854504003201052505001801084DO-SdBNP20240215091221.0a||||fr|||| 00| 0 ta240117e1914 dr ||||| m||| 00| 0 spa d aDO-SdBNP bspacBNPHUerda 222bL789i1 aLizardo E., R. Augustoeautor aInstituto Profesional de Santo Domingo. bFacultad Farmacia 10aImportancia del permanganato potásico en química analítica /baño académico de 1913 a 1914, tesis no. 10 para la Licenciatura /cR. Augusto Lizardo E.13aTesis para la licenciatura aSanto Domingo :bImprenta Escobar i Cía c1914 a23,[4] páginas ;c23 cm.  2rdacontent atextobtxt 2rdamedia asin mediación bn 2rdacarrier avolumen bnc aArt. 16 del reglamento interior del Instituto Profesional. En el examen final, el actuante está obligado á responder á todas las preguntas i observaciones del Jurado Examinador que directa é indirectamente se relaciona con su tesis. aTesis para la Licenciatura. Jurado Examinador: Prof. J. G. Obregón García / Catedrático. Vocales: Prof. Rafael Delgado Tejera / Catedrático, Prof. Álvaro Logroño / Catedrático.  aBibliografía: página 27 a g